| 000 | 00690nam a22002057a 4500 | ||
|---|---|---|---|
| 999 |
_c9639 _d9639 |
||
| 003 | AR-CdUCM | ||
| 008 | 190328b ||||| |||| 00| 0 spa d | ||
| 040 |
_aMUNICIPALIDAD PROVINCIAL DEL CUSCO _cBIBLIOTECA MUNICIPAL DEL CUSCO |
||
| 082 |
_aC / 748.1 / _bW72 |
||
| 100 |
_aWiesse, Maria _98976 |
||
| 245 |
_aJose Sabogal : _bel artista y el hombre / |
||
| 260 |
_aLima : _bAzángaro, _c1957. |
||
| 300 |
_a71 + 32 páginas ; _bfotografías. _c24 cm. |
||
| 505 | _aTierra natal -- Adolescencia y viaje a Europa -- Retorno de América -- Cuzco -- Lima Mexico... | ||
| 650 |
_aArte. _9561 |
||
| 650 |
_aCusco. _9772 |
||
| 650 |
_aJose Sabogal. _925976 |
||
| 942 |
_2ddc _cLIBROS |
||
| 945 | _awfj | ||